[Event "7th Cattolica Open-B 2020"]
[Site "Cattolica"]
[Date "2020.09.01"]
[Round "2.3"]
[White "D`Agostino, Maurizio"]
[Black "Beliman, Alexandro"]
[Result "0-1"]
[WhiteElo "1893"]
[BlackElo "1732"]
[Annotator "NA RC"]
[PlyCount "84"]
[EventDate "2020.08.31"]
[EventType "swiss"]
[EventCountry "ITA"]
[SourceTitle "playchess.com"]
[Source "ChessBase"]
[SourceQuality "1"]
[TimeControl "5400+30"]

{[%evp 8,51,13,0,15,8,16,27,19,13,35,31,61,36,52,8,28,-6,49,0,5,-11,-21,-23,12,16,16,0,0,-25,0,-66,0,0,80,2,-5,0,23,8,22,0,0,0,0,0]} 1. c4 {[%emt 0:07:48]} e5 {[%emt 0:00:00]} 2. Nc3 {[%emt 0:00:16]} Bb4 {[%emt 0:01:08]} 3. Qc2 {[%emt 0:00:23]} Nc6 {[%emt 0:00:22]} 4. e3 {[%emt 0:00:06]} Bxc3 {[%emt 0:00:14]} 5. Qxc3 {[%emt 0:03:15]} Nf6 {[%emt 0:00:38]} 6. b4 {[%emt 0:05:38] A21: English Opening: 1...e5 2 Nc3.} d6 {[%emt 0:00:50]} 7. b5 {[%emt 0:01:14]} Ne7 {[%emt 0:00:07]} 8. Nf3 {[%emt 0:01:27] [#]} h6 $146 {[%emt 0:02:27]} ({Predecessor:} 8... Bg4 9. Bb2 O-O 10. Be2 Ng6 11. d3 c6 12. bxc6 bxc6 13. h3 Bf5 14. c5 dxc5 {1-0 (32) Drexel,M (2239)-Zellner,R (2147) Bayern 2006}) 9. Be2 {[%emt 0:01:35]} Bf5 {[%emt 0:00:25]} 10. O-O {[%emt 0:03:25]} O-O {[%emt 0:00:28]} 11. Ba3 {[%emt 0:00:41]} Qd7 {[%emt 0:02:17]} 12. d3 {[%emt 0:04:46]} Bh7 {[%emt 0:07:43]} 13. Rfc1 {[%emt 0:03:28]} a6 {[%emt 0:06:13]} 14. b6 {[%emt 0:12:43]} c5 {[%emt 0:05:13]} 15. d4 {[%emt 0:03:48]} cxd4 {[%emt 0:01:41]} 16. exd4 {[%emt 0:00:15]} e4 {[%emt 0:00:04]} 17. Ne1 {[%emt 0:13:34]} Rac8 {[%emt 0:01:09]} 18. Qb4 {[%emt 0:05:41]} Rfd8 {[%emt 0:03:54]} 19. d5 {[%emt 0:00:06]} ({White should play} 19. Nc2 $11) 19... Nf5 {[%emt 0:03:27]} (19... e3 $15 20. fxe3 Nf5) 20. Bb2 {[%emt 0:04:14]} Kh8 {[%emt 0:06:39]} (20... Qe7 $11 {keeps the balance.}) 21. Nc2 {[%emt 0:02:40]} (21. Bxf6 $5 gxf6 22. Nc2 $14) 21... Qe7 $1 {[%emt 0:01:25]} 22. Ne3 {[%emt 0:03:38]} Nxe3 {[%emt 0:01:18]} 23. fxe3 {[%emt 0:00:05]} Nd7 {[%emt 0:01:42]} 24. Rf1 {[%emt 0:01:42]} Ne5 {[%emt 0:02:12]} 25. Bd4 {[%emt 0:03:17]} f6 {[%emt 0:02:30]} 26. Rad1 $11 {[%emt 0:01:31]} Bg6 {[%emt 0:03:38]} 27. h3 {[%emt 0:01:02]} Bh7 {[%emt 0:03:08]} 28. Qc3 {[%emt 0:00:57]} Bg8 {[%emt 0:04:17]} 29. Qb4 {[%emt 0:05:55]} Bf7 {[%emt 0:03:21]} 30. Rf4 {[%emt 0:00:39]} Bg6 {[%emt 0:00:26]} 31. Rdf1 {[%emt 0:01:13]} Bh7 {[%emt 0:01:39]} 32. Qc3 {[%emt 0:03:19]} Re8 {[%emt 0:00:17]} 33. Rc1 {[%emt 0:00:50]} Bg8 {[%emt 0:01:28]} 34. Qb4 {[%emt 0:00:34]} Bxd5 {[%emt 0:00:28]} 35. Rcf1 {[%emt 0:03:24]} Bxc4 {[%emt 0:01:27]} 36. Bxc4 {[%emt 0:01:02]} Rxc4 {[%emt 0:00:11]} 37. Qa3 {[%emt 0:00:43]} d5 {[%emt 0:00:57]} 38. Qa5 {[%emt 0:00:20]} Qe6 {[%emt 0:00:44]} 39. Rf5 {[%emt 0:00:13]} Rd8 {[%emt 0:01:27]} 40. Qe1 {[%emt 0:00:37]} Nf3+ {[%emt 0:02:22]} 41. R5xf3 {[%emt 0:00:41]} exf3 {[%emt 0:00:11]} 42. Rxf3 {[%emt 0:00:05]} Rxd4 {[%emt 0:00:10]} 0-1

[Event "7th Cattolica Open-B 2020"]
[Site "Cattolica"]
[Date "2020.09.01"]
[Round "2.4"]
[White "Frescura, Davide"]
[Black "Marani, Luca"]
[Result "1-0"]
[WhiteElo "1916"]
[BlackElo "1736"]
[Annotator "TA"]
[PlyCount "45"]
[EventDate "2020.08.31"]
[EventType "swiss"]
[EventCountry "ITA"]
[SourceTitle "playchess.com"]
[Source "ChessBase"]
[SourceQuality "1"]

{[%evp 11,45,8,30,19,14,9,8,16,41,41,43,50,29,45,62,70,175,179,318,358,840,861,29990,29991,29991,29992,29992,29993,29993,29994,29994,29988,29988,29987,29989,29989]} 1. e4 e5 2. Nf3 Nc6 3. Bc4 Bc5 4. c3 Nf6 5. d3 d6 6. h3 a6 7. Bb3 {C54: Giuoco Piano: 4 c3 Nf6, main lines with 5 d4 and 5 d3.} Ba7 8. O-O {[#]} Bd7 $146 ({Predecessor:} 8... h6 9. Re1 g5 10. Nh2 Rg8 11. Be3 g4 12. hxg4 Nxg4 13. Qf3 Rg7 14. Bxa7 Nxh2 15. Kxh2 Qh4+ {½-½ (35) Nepomniachtchi,I (2775)-Karjakin,S (2748) Zagreb 2019}) 9. Re1 {The position is equal.} Ne7 10. d4 Ng6 11. Nbd2 {[%cal Bb1d2,Bd2f1,Bf1g3][%mdl 32]} O-O 12. Nf1 Qc8 13. Ng3 h5 (13... h6 $14) 14. Ng5 $18 h4 (14... Be6 {might work better.}) 15. Nh5 {Threatening mate with Nxf6+.} Nh7 $2 (15... Ne8 16. Qf3 Nh8) 16. Nxh7 {Threatens to win with N5f6+!} Kxh7 {[#]} 17. Nf6+ $1 {[%mdl 576] Clearance. White mates.} gxf6 18. Qh5+ Kg8 19. Qxg6+ {[%mdl 64] Double Attack} Kh8 20. Qxf6+ {[%mdl 64] Double Attack} Kh7 21. Bxf7 Rxf7 22. Qxf7+ Kh8 23. Bg5 {Black did not feel at home in the position after the opening. Accuracy: White = 100%, Black = 36%.} 1-0

[Event "7th Cattolica Open-B 2020"]
[Site "Cattolica"]
[Date "2020.09.01"]
[Round "2.5"]
[White "Vitaliani, Marco"]
[Black "Pellegrini, Ennio Paolo"]
[Result "1-0"]
[WhiteElo "1911"]
[BlackElo "1733"]
[Annotator "TA"]
[PlyCount "45"]
[EventDate "2020.08.31"]
[EventType "swiss"]
[EventCountry "ITA"]
[SourceTitle "playchess.com"]
[Source "ChessBase"]
[SourceQuality "1"]

{[%evp 14,45,39,20,45,57,41,-13,0,-50,49,47,46,55,184,154,447,447,485,480,689,656,867,904,898,901,850,878,864,815,29990,29991,29992,29993]} 1. e4 c5 2. Nf3 e6 3. d4 cxd4 4. Nxd4 Nf6 5. Nc3 Nc6 6. Bf4 Bb4 7. Ndb5 Nxe4 8. Qf3 Nxc3 {B45: Sicilian Four Knights.} 9. bxc3 Qf6 {[#]} 10. Qe3 $146 (10. O-O-O $14 Ba5 11. Nd6+ Kf8 12. Ne4 (12. Nxc8 g5 $11)) ({Predecessor:} 10. O-O-O Ba5 11. Nd6+ Kf8 12. Ne4 Qd8 13. Bd6+ Kg8 14. Qg4 f5 15. Qxf5 Qe8 16. Bc4 {1-0 (37) Tomasi,A (2276)-Lisniak,V (2075) Prague 2016}) 10... h6 {The position is equal.} 11. Rd1 g5 ({Better is} 11... Ba5 $15) 12. Bg3 $14 {[%mdl 1024] White has compensation.} Ba5 13. h4 $36 {[%mdl 2048] [#] And now hxg5 would win. White has good play.} a6 (13... Kf8 $14) 14. Nd6+ $18 Ke7 $2 {Loses the game.} (14... Kf8 $16 {was worth a try.}) 15. Ne4 Qg7 16. Bd6+ Ke8 (16... Kd8 $142 17. hxg5 h5) 17. hxg5 hxg5 18. Qxg5 Bxc3+ 19. Nxc3 Qxc3+ 20. Rd2 {[#] Threatening mate with Rh3.} Qa1+ 21. Ke2 Qc3 22. Rh3 Qb2 23. c3 {Accuracy: White = 86%, Black = 23%.} 1-0

[Event "7th Cattolica Open-B 2020"]
[Site "Cattolica"]
[Date "2020.09.01"]
[Round "2.6"]
[White "Ismayilov, Ulvi"]
[Black "Gasperi, Fosco"]
[Result "1-0"]
[WhiteElo "1713"]
[BlackElo "1878"]
[Annotator "NA RC"]
[PlyCount "61"]
[EventDate "2020.08.31"]
[EventType "swiss"]
[EventCountry "ITA"]
[SourceTitle "playchess.com"]
[Source "ChessBase"]
[SourceQuality "1"]
[TimeControl "5400+30"]

1. e4 {[%emt 0:02:41]} c6 {[%emt 0:00:34]} 2. d4 {[%emt 0:00:08]} d5 {[%emt 0:00:10]} 3. e5 {[%emt 0:00:10]} c5 {[%emt 0:00:35]} 4. c3 {[%emt 0:01:15]} Nc6 {[%emt 0:01:10]} 5. Bb5 {[%emt 0:03:07]} Qb6 {[%emt 0:04:45]} 6. Ba4 {[%emt 0:07:50]} e6 {[%emt 0:07:09]} 7. Nf3 {[%emt 0:04:08]} cxd4 {[%emt 0:01:36]} 8. cxd4 {[%emt 0:00:29]} Bb4+ {[%emt 0:11:23]} 9. Nc3 {[%emt 0:00:57]} Qa6 {[%emt 0:04:20]} 10. a3 {[%emt 0:10:06]} Bxc3+ $1 {[%emt 0:00:48]} 11. bxc3 {[%emt 0:00:05]} Bd7 {[%emt 0:00:34]} 12. Bc2 {[%emt 0:01:16]} Na5 {[%emt 0:00:48]} 13. Rb1 {[%emt 0:03:56]} Rc8 {[%emt 0:04:47]} 14. Bd3 {[%emt 0:04:21]} b5 {[%emt 0:04:43]} (14... Qc6 $1 $14) 15. a4 $16 {[%emt 0:07:00]} Nc4 {[%emt 0:01:14]} 16. axb5 {[%emt 0:00:38]} Bxb5 {[%emt 0:00:17]} 17. O-O {[%emt 0:00:49]} Ne7 {[%emt 0:00:31]} 18. Ng5 {[%emt 0:05:53]} h6 {[%emt 0:16:14]} 19. Qh5 {[%emt 0:05:56]} O-O {[%emt 0:10:25]} 20. Nh7 {[%emt 0:00:43]} Rfd8 {[%emt 0:06:18]} 21. Bxh6 {[%emt 0:03:38]} Nf5 {[%emt 0:10:42]} 22. Bg5 {[%emt 0:03:15]} f6 {[%emt 0:02:31]} 23. exf6 {[%emt 0:02:26]} Be8 {[%emt 0:00:30]} 24. Qh3 {[%emt 0:03:17]} Bg6 {[%emt 0:00:26]} 25. f7+ {[%emt 0:00:25]} Kxf7 {[%emt 0:00:35]} 26. Bxd8 {[%emt 0:00:39]} Rxd8 {[%emt 0:00:09]} 27. Ng5+ {[%emt 0:00:37]} Kf6 {[%emt 0:00:41]} 28. Nf3 {[%emt 0:04:54]} Qc8 {[%emt 0:03:58]} 29. Qg4 {[%emt 0:05:29]} Rh8 {[%emt 0:01:28]} 30. Qg5+ {[%emt 0:00:20]} Kf7 {[%emt 0:00:33]} 31. Bxc4 {[%emt 0:00:30]} 1-0

[Event "7th Cattolica Open-B 2020"]
[Site "Cattolica"]
[Date "2020.09.01"]
[Round "2.7"]
[White "Pizzoferrato, Mattia"]
[Black "Guglielmi, Dante"]
[Result "1/2-1/2"]
[WhiteElo "1854"]
[BlackElo "1727"]
[Annotator "NA RC"]
[PlyCount "82"]
[EventDate "2020.08.31"]
[EventType "swiss"]
[EventCountry "ITA"]
[SourceTitle "playchess.com"]
[Source "ChessBase"]
[SourceQuality "1"]
[TimeControl "5400+30"]

{[%evp 9,73,32,27,31,75,27,39,36,65,49,51,55,52,23,36,37,38,33,33,35,33,8,39,11,29,8,16,8,15,-13,-4,-2,0,0,9,0,0,-56,-52,-52,-57,-106,-107,-114,-101,-104,-54,-53,-56,-104,-114,-108,-106,-109,-130,-133,-31,-60,-22,-11,-11,12,-28,-91,-8,0]} 1. e4 {[%emt 0:00:00]} Nf6 {[%emt 0:00:00]} 2. e5 {[%emt 0:00:00]} Nd5 {[%emt 1:31:00]} 3. d4 {[%emt 0:00:00]} d6 {[%emt 0:00:00]} 4. c4 {[%emt 0:01:36]} Nb6 {[%emt 0:00:00]} 5. Nf3 {[%emt 0:02:15]} dxe5 {[%emt 0:00:00]} 6. Nxe5 {[%emt 0:00:58] B03: Alekhine's Defence: Four Pawns Attack.} ({Much worse is} 6. dxe5 Qxd1+ 7. Kxd1 Nc6 $17) 6... N8d7 {[%emt 0:00:00]} 7. Nxd7 {[%emt 0:07:20]} Nxd7 {[%emt 0:00:00]} 8. Nc3 {[%emt 0:02:27]} g6 {[%emt 0:00:00] [#]} 9. Be3 $146 {[%emt 0:01:59]} ({Predecessor:} 9. Be2 Bg7 10. O-O O-O 11. Be3 c6 12. Qd2 Nf6 13. Rfe1 Ng4 14. Bxg4 Bxg4 15. Bh6 Qxd4 16. Qxd4 Bxd4 17. Bxf8 Kxf8 {½-½ (56) Just,B (1565)-Malmstroem,J (1901) Chessfriend.com 2004}) 9... Bg7 {[%emt 0:00:00]} 10. Qd2 {[%emt 0:00:20]} O-O {[%emt 0:00:00]} 11. Bh6 {[%emt 0:03:24]} Re8 {[%emt 0:00:00]} 12. Bxg7 {[%emt 0:00:08]} Kxg7 {[%emt 0:00:00]} 13. Be2 {[%emt 0:00:42]} Nf6 {[%emt 0:05:30]} 14. O-O {[%emt 0:01:02]} c6 {[%emt 0:00:00]} 15. Rad1 {[%emt 0:01:05]} Qc7 {[%emt 0:00:00]} 16. Rfe1 {[%emt 0:03:20]} Bg4 {[%emt 0:00:00]} 17. h3 {[%emt 0:02:14]} (17. f3 $5 {[%cal Rf3g4]} Be6 18. b3 $14) 17... Bxe2 {[%emt 0:00:00]} 18. Qxe2 {[%emt 0:01:07]} Rad8 {[%emt 0:00:00]} 19. Ne4 {[%emt 0:03:10]} Nxe4 {[%emt 0:00:00]} 20. Qxe4 {[%emt 0:00:18]} Qb6 {[%emt 0:00:00]} 21. b3 {[%emt 0:01:32]} Rd7 {[%emt 0:00:00]} 22. Rd3 {[%emt 0:02:19]} Qa5 {[%emt 0:00:00]} 23. Qe5+ {[%emt 0:07:22]} ({White should try} 23. a4 $11) 23... Qxe5 {[%emt 0:00:00] Pin} 24. Rxe5 {[%emt 0:00:01]} Red8 {[%emt 0:00:00]} 25. f3 {[%emt 0:03:10]} e6 {[%emt 0:00:00]} 26. Re4 {[%emt 0:03:50] [#]} c5 $1 {[%emt 0:00:00]} 27. d5 {[%emt 0:02:09]} b6 {[%emt 0:00:00]} 28. Re5 {[%emt 0:02:12]} exd5 {[%emt 0:00:00]} 29. Rexd5 {[%emt 0:05:44]} Rxd5 {[%emt 0:00:00]} 30. cxd5 {[%emt 0:00:11]} Kf6 {[%emt 0:00:00]} 31. Kf2 {[%emt 0:01:28]} Rd7 {[%emt 0:00:00]} 32. f4 {[%emt 0:00:36]} Kf5 {[%emt 0:09:30]} (32... b5 $17 33. Kf3 Ke7) 33. Kf3 {[%emt 0:00:11]} h5 {[%emt 0:00:00]} 34. g4+ {[%emt 0:01:18]} hxg4+ {[%emt 0:00:00]} 35. hxg4+ {[%emt 0:00:09]} Kf6 {[%emt 0:00:00]} 36. g5+ {[%emt 0:01:34] [#]} (36. Re3 $11) 36... Kf5 {[%emt 0:00:00]} (36... Ke7 $1 $17) 37. a3 $11 {[%emt 0:05:27]} f6 {[%emt 0:00:00]} 38. gxf6 {[%emt 0:00:42]} Kxf6 {[%emt 0:00:00]} 39. Kg4 {[%emt 0:00:33]} b5 {[%emt 0:00:00]} 40. Rd2 {[%emt 0:01:51]} Rd6 {[%emt 0:00:00]} 41. Rd1 {[%emt 0:01:30]} a6 {[%emt 0:00:00]} 1/2-1/2

[Event "7th Cattolica Open-B 2020"]
[Site "Cattolica"]
[Date "2020.09.01"]
[Round "2.8"]
[White "Saviane, Giorgio"]
[Black "Mammi, Samuele"]
[Result "1-0"]
[WhiteElo "1643"]
[BlackElo "1847"]
[Annotator "NA RC"]
[PlyCount "123"]
[EventDate "2020.08.31"]
[EventType "swiss"]
[EventCountry "ITA"]
[SourceTitle "playchess.com"]
[Source "ChessBase"]
[SourceQuality "1"]
[TimeControl "5400+30"]

1. e4 {[%emt 0:00:00]} c6 {[%emt 0:00:00]} 2. d4 {[%emt 0:00:40]} d5 {[%emt 0:00:18]} 3. e5 {[%emt 0:01:12]} Bf5 {[%emt 1:31:12]} 4. Be3 {[%emt 0:01:26]} e6 {[%emt 0:00:00]} 5. Nd2 {[%emt 0:00:47]} Nd7 {[%emt 0:00:00]} 6. Be2 {[%emt 0:06:12] B12: Caro-Kann: Advance Variation.} Ne7 {[%emt 0:00:00]} 7. Ngf3 {[%emt 0:00:33]} c5 {[%emt 0:00:00]} 8. c4 {[%emt 0:16:22]} Nc6 {[%emt 0:00:00] [#]} 9. cxd5 $146 {[%emt 0:08:01]} ({Predecessor:} 9. O-O Be7 10. cxd5 exd5 11. dxc5 O-O 12. Nb3 Ndxe5 13. Nxe5 Nxe5 14. Nd4 Bd7 15. Qb3 Bxc5 16. Qxd5 Bxd4 17. Bxd4 {1-0 (45) Grischuk,A (2746)-Roiz,M (2669) Ningbo 2011}) 9... exd5 {[%emt 0:00:00]} 10. Qb3 {[%emt 0:01:08]} Nb4 {[%emt 0:03:30]} (10... c4 $11 {keeps the balance.} 11. Qxb7 Nb4) 11. Rc1 {[%emt 0:02:59]} c4 {[%emt 0:00:00] [#]} (11... Qb6 $14) 12. Nxc4 $1 {[%emt 0:07:15]} dxc4 {[%emt 0:00:00]} 13. Bxc4 {[%emt 0:00:06]} Bg6 $2 {[%emt 0:00:00]} (13... Be6) 14. h4 $2 {[%emt 0:01:59] [#]} (14. Ng5 $18 Qe7 15. a3) 14... Rc8 $2 {[%emt 0:00:00]} (14... b5 $1 $11 {and Black stays safe.} 15. Bxb5 Rb8) 15. h5 {[%emt 0:05:19]} Rxc4 {[%emt 0:00:00]} 16. Rxc4 {[%emt 0:00:27]} ({Don't play} 16. Qxc4 $6 Bd3 $16) 16... Nd3+ {[%emt 0:00:00]} (16... Be4 $142) 17. Ke2 {[%emt 0:01:27]} Bf5 {[%emt 0:00:00]} 18. Nh4 {[%emt 0:43:07]} Bg4+ {[%emt 0:00:00]} 19. f3 {[%emt 0:00:00]} Be6 {[%emt 0:00:00]} 20. Qxd3 {[%emt 0:00:00]} Bxc4 {[%emt 0:00:00]} 21. Qxc4 {[%emt 0:00:00]} Be7 {[%emt 0:00:00]} 22. Nf5 {[%emt 0:00:00]} O-O {[%emt 0:00:00]} 23. Rc1 {[%emt 0:00:00]} g6 {[%emt 0:00:00]} 24. hxg6 {[%emt 0:00:00]} hxg6 {[%emt 0:00:00]} 25. Nh6+ {[%emt 0:00:00]} Kg7 {[%emt 0:00:00]} 26. Ng4 {[%emt 0:00:00]} Rh8 {[%emt 0:00:00]} 27. Qc7 {[%emt 0:00:00]} Qe8 {[%emt 0:00:00]} 28. Qxb7 {[%emt 0:00:00]} Nb6 {[%emt 0:00:00]} 29. Qc6 {[%emt 0:00:00]} Qd8 {[%emt 0:00:00]} 30. a4 {[%emt 0:00:00]} Nd5 {[%emt 0:00:00]} 31. e6 {[%emt 0:00:00]} Nxe3 {[%emt 0:00:00]} 32. Kxe3 {[%emt 0:00:00]} ({Weaker is} 32. Nxe3 Qxd4 33. Qb7 Rd8 $18) 32... f5 {[%emt 0:04:13]} 33. Ne5 {[%emt 0:01:19]} Bg5+ {[%emt 0:00:15]} 34. f4 {[%emt 0:00:36]} Bxf4+ {[%emt 0:00:05]} 35. Kxf4 {[%emt 0:00:21]} Qxd4+ {[%emt 0:00:49]} 36. Kf3 {[%emt 0:00:18]} Qxe5 {[%emt 0:03:15]} 37. Qc7+ {[%emt 0:00:04]} Kf6 {[%emt 0:00:04]} 38. Qxe5+ {[%emt 0:00:09]} Kxe5 {[%emt 0:05:19]} 39. Re1+ {[%emt 0:01:00]} Kf6 {[%emt 0:00:00]} 40. e7 {[%emt 0:00:06]} Re8 {[%emt 0:00:00]} 41. b4 {[%emt 0:00:12]} Rxe7 {[%emt 0:00:00]} 42. Rxe7 {[%emt 0:00:04]} Kxe7 {[%emt 0:02:00]} 43. Kf4 {[%emt 0:00:21]} Kf6 {[%emt 0:00:00]} 44. b5 {[%emt 0:00:11]} g5+ {[%emt 0:00:00]} 45. Ke3 {[%emt 0:00:07]} Ke5 {[%emt 0:01:30]} 46. a5 {[%emt 0:09:12]} g4 {[%emt 0:00:00]} 47. g3 {[%emt 0:00:00]} Kd6 {[%emt 0:00:00]} 48. b6 {[%emt 0:00:00]} axb6 {[%emt 0:00:00]} 49. axb6 {[%emt 0:00:00]} Kc6 {[%emt 0:00:00]} 50. Kf4 {[%emt 0:00:00]} Kxb6 {[%emt 0:00:00]} 51. Kxf5 {[%emt 0:00:00]} Kc6 {[%emt 0:03:00]} 52. Kxg4 {[%emt 0:00:00]} Kd6 {[%emt 0:00:00]} 53. Kh5 {[%emt 0:00:00]} Ke7 {[%emt 0:00:00]} 54. Kh6 {[%emt 0:00:00]} Kf8 {[%emt 0:00:00]} 55. Kh7 {[%emt 0:00:00]} Kf7 {[%emt 0:00:00]} 56. g4 {[%emt 0:00:00]} Kf6 {[%emt 0:00:00]} 57. Kh6 {[%emt 0:00:00]} Kf7 {[%emt 0:00:00]} 58. g5 {[%emt 0:00:00]} Kg8 {[%emt 0:00:00]} 59. Kg6 {[%emt 0:00:00]} Kh8 {[%emt 0:00:00]} 60. Kf7 {[%emt 0:00:00]} Kh7 {[%emt 0:00:00]} 61. g6+ {[%emt 0:00:00]} Kh8 {[%emt 0:00:00]} 62. g7+ {[%emt 0:00:00]} 1-0

[Event "7th Cattolica Open-B 2020"]
[Site "Cattolica"]
[Date "2020.09.01"]
[Round "2.9"]
[White "Tagliaferri, Valerio"]
[Black "Mascia, Leonardo"]
[Result "1-0"]
[WhiteElo "1777"]
[BlackElo "1585"]
[Annotator "NA RC"]
[PlyCount "66"]
[EventDate "2020.08.31"]
[EventType "swiss"]
[EventCountry "ITA"]
[SourceTitle "playchess.com"]
[Source "ChessBase"]
[SourceQuality "1"]
[TimeControl "5400+30"]

1. e4 {[%emt 0:07:09]} c5 {[%emt 0:00:00]} 2. Nf3 {[%emt 0:00:20]} Nc6 {[%emt 1:31:00]} 3. Bb5 {[%emt 0:00:21]} g6 {[%emt 0:00:00]} 4. c3 {[%emt 1:24:10]} Nf6 {[%emt 0:00:00]} 5. Qe2 {[%emt 0:00:00]} Bg7 {[%emt 0:01:30]} 6. O-O {[%emt 0:00:00]} O-O {[%emt 0:00:00]} 7. d4 {[%emt 0:00:00]} cxd4 {[%emt 0:00:00]} 8. cxd4 {[%emt 0:02:00]} d5 {[%emt 0:01:30]} 9. e5 {[%emt 0:00:00]} Ne4 {[%emt 0:00:30]} 10. h3 {[%emt 0:00:00]} Qb6 {[%emt 0:00:00]} 11. Rd1 {[%emt 0:00:00]} f6 {[%emt 0:01:00]} 12. exf6 {[%emt 0:00:00]} Bxf6 {[%emt 0:00:00]} 13. Be3 {[%emt 0:02:30]} Bd7 {[%emt 0:00:00]} 14. Nc3 {[%emt 0:00:00]} Nxc3 {[%emt 0:00:00]} 15. bxc3 {[%emt 0:01:00]} Rac8 {[%emt 0:00:00]} 16. Rab1 {[%emt 0:00:00]} Qc7 {[%emt 0:00:00]} 17. c4 {[%emt 0:00:00]} e6 {[%emt 0:00:00]} 18. c5 {[%emt 0:01:30]} Ne7 {[%emt 0:00:00]} 19. Bg5 {[%emt 0:00:00]} Nf5 {[%emt 0:00:00]} 20. Bxf6 {[%emt 0:00:00]} Rxf6 {[%emt 0:00:00]} 21. Bxd7 {[%emt 0:00:00]} Qxd7 {[%emt 0:00:00]} 22. Ne5 {[%emt 0:00:00]} Qe7 {[%emt 0:00:00]} 23. Qb5 {[%emt 0:00:00]} Rc7 {[%emt 0:00:00]} 24. Qa4 {[%emt 0:00:00]} b6 {[%emt 0:00:00]} 25. cxb6 {[%emt 0:00:00]} axb6 {[%emt 0:00:00]} 26. Rxb6 {[%emt 0:00:00]} Ra7 {[%emt 0:00:00]} 27. Qb3 {[%emt 0:00:00]} Ra3 {[%emt 0:00:00]} 28. Qb2 {[%emt 0:00:00]} Qa7 {[%emt 0:00:00]} 29. Rd2 {[%emt 0:00:00]} Ra4 {[%emt 0:02:09]} 30. g4 {[%emt 0:00:00]} Ne7 {[%emt 0:02:31]} 31. Rb7 {[%emt 0:00:00]} Qa6 {[%emt 0:04:22]} 32. Rxe7 {[%emt 0:00:00]} Ra3 {[%emt 0:00:01]} 33. Qb7 {[%emt 0:07:30]} Ra4 {[%emt 0:01:57]} 1-0